01431cam a2200289 a 450000500170000000800410001702000220005802000250008004000350010504100080014004400070014808200180015524501680017326000940034130001150043550400420055050500980059265000510069065000410074165000480078265000500083065000490088065000620092970000500099170000480104170000520108920180227113314.0050706m20042006ck abdo r 000 0 spa d a9589739458 (v. 1) a9789588272351 (v. 2) aCO-BoPUJcCO-BoIAVHdCO-BoIAVH0 aspa ack04a333.714bC14a00aCambios ambientales en perspectiva histórica : ccompiladores Carlos Eduardo López Castaño, Martha Cecilia Cano Echeverri y Diana María Rodríguez Herrera aPereira: bUniversidad Tecnológica de Pereira, Facultad de Ciencias Ambientales,c2006. a2 volúmenes :bilustraciones (algunas a color), diagramas, fotos, gráficas, mapas y tablas ; c23 x 17 cm. aIncluye referencias bibliográficas.0 gVol. 1.tEcorregión del eje cafetero.gVol. 2.tEcología histórica y cultura ambiental.26aPolítica ambientalzZona Cafetera (Colombia)26aEcologíazZona Cafetera (Colombia)26aEcología humanazZona Cafetera (Colombia)26aGestión ambientalzZona Cafetera (Colombia)26aCambio climáticozZona Cafetera (Colombia)24aProtección del medio ambientezZona Cafetera (Colombia)1 aLópez Castaño, Carlos Eduardoecompilador1 aCano Echeverri, Martha Ceciliaecompiladora1 aRodríguez Herrera, Diana Maríaecompiladora